Statistics for Pokemon beginning with P

Click here to take the quiz!

General Stats

  • This quiz has been taken 69 times
    (60 since last reset)
  • The average score is 39 of 53

Answer Stats

GenHintAnswer% Correct
1ElectricPikachu
100%
1Normal/FlyingPidgeot
94%
1Normal/FlyingPidgeotto
94%
1Normal/FlyingPidgey
94%
4WaterPiplup
92%
3Water/FlyingPelipper
89%
2ElectricPichu
89%
4Water/DragonPalkia
86%
1Bug/GrassParas
86%
1Bug/GrassParasect
86%
2Ice/GroundPiloswine
86%
1BugPinsir
86%
1WaterPoliwhirl
86%
1Water/FightingPoliwrath
86%
1FirePonyta
86%
5WaterPanpour
83%
5GrassPansage
83%
5FirePansear
83%
1WaterPoliwag
83%
1FightingPrimeape
83%
4WaterPrinplup
83%
6FightingPancham
81%
1NormalPorygon
81%
2NormalPorygon2
81%
4ElectricPachirisu
78%
6Fighting/DarkPangoro
78%
5Normal/FlyingPidove
78%
2WaterPolitoed
78%
5Water/GroundPalpitoad
75%
4NormalPorygon-Z
75%
6Fire/NormalPyroar
75%
5Fire/FightingPignite
72%
3ElectricPlusle
72%
3DarkPoochyena
72%
1WaterPsyduck
72%
6Ghost/GrassPumpkaboo
69%
5NormalPatrat
67%
5Dark/SteelPawniard
64%
1NormalPersian
64%
2GroundPhanpy
64%
6Ghost/GrassPhantump
64%
2BugPineco
64%
7Water/FairyPrimarina
61%
5DarkPurrloin
61%
7Ghost/GroundPalossand
58%
5GrassPetilil
53%
7Bug/FightingPheromosa
53%
7WaterPyukumuku
53%
4WaterPhione
50%
4Rock/SteelProbopass
50%
2Rock/GroundPupitar
50%
4NormalPurugly
47%
7FightingPassimian
44%

Score Distribution

Percentile by Number Answered

Percent of People with Each Score

Your Score History

You have not taken this quiz since the last reset